Statystyki dla kraje z medalistami mistrzostw świata w speedcubingu 2023

Kliknij tutaj aby rozwiązać quiz!

Ogólne statystyki

  • Ten quiz został rozwiązany 29 razy
  • Średni wynik to 11 z 17

Statystyki odpowiedzi

liczba medalikraj% Poprawnych
8Polska
100%
20Stany Zjednoczone
100%
5Chiny
92%
1Francja
92%
3Australia
85%
1Szwecja
77%
2Argentyna
69%
2Korea Południowa
69%
1Indonezja
62%
1Irlandia
62%
1Szwajcaria
54%
1Filipiny
46%
1Indie
46%
1Singapur
46%
2Malezja
38%
1Nowa Zelandia
38%
1Wietnam
38%

Rozkład punktacji

Percentyl według liczby udzielonych odpowiedzi

Procent ludzi z każdym wynikiem

Twoja historia wyników

Nie rozwiązałeś tego quizu